Development of the labor surplus economy: theory and policy

Guardat en:
Dades bibliogràfiques
Autors principals: Fei, John C (Autor), Ranis, Gustav (Autor)
Format: Llibre
Idioma:anglès
Publicat: Homewood Rirhard D. Irwin 1964
Matèries:
Etiquetes: Afegir etiqueta
Sense etiquetes, Sigues el primer a etiquetar aquest registre!

MARC

LEADER 00000nam a2200000 a 4500
001 UCQ1212
003 CL-VaPUC
008 980709e19640000US |||||||||||||||||eng|d
082 0 4 |a 338.9  |b FEI  |2 21 
100 0 |a Fei, John C  |e author  |9 414904 
700 0 |a Ranis, Gustav  |e author  |9 414905 
245 1 0 |a Development of the labor surplus economy: theory and policy 
300 |a 324 p 
942 |c BK 
945 |d 19980709 00:00:00  |a crobeson 
260 |a Homewood  |b Rirhard D. Irwin  |c 1964 
650 0 |a Desarrollo económico y social   |9 256320 
650 0 |a Crecimiento económico   |9 314037 
650 7 |a GANANCIAS DE CAPITAL  |2 CL-VaPUC  |9 346456 
650 0 |a Cambio tecnológico  |9 334821 
650 0 |a Desarrollo industrial  |9 322675 
650 0 |a Mercado financiero  |9 334172 
650 7 |a DESARROLLO AGRICOLA  |2 CL-VaPUC  |9 259759 
650 7 |a CICLO DE NEGOCIOS  |2 CL-VaPUC  |9 408969 
650 7 |a FLUCTUACIONES ECONOMICAS  |2 CL-VaPUC  |9 408970 
583 |a last modification  |c 19980709 00:00:00  |k Rodrigo Vera 
999 |c 272216  |d 272214